{"text_format":"3","workbook":"xls","n_sheets":2,"sheets":["ORÇ N DESON","CFF"],"not_rendered":{"images":2,"external_links":2,"defined_names":9},"read":"whole","date_system":"1900","formulas":"cached_only"}

{"sheet":"ORÇ N DESON","index":0,"n_rows":95,"n_cols":13,"rows_kept":95,"merged":[[1,1,1,9],[2,4,2,7],[3,1,3,9],[5,1,5,7],[5,10,6,10],[6,1,6,9],[8,2,8,5],[9,2,9,5],[10,2,10,5],[10,6,10,8],[76,1,76,3],[76,8,76,9]],"flags":["formulas_cached_only"]}
[]
[null,"PREFEITURA DO MUNICÍPIO DE CAMPOS DO JORDÃO"]
[]
[null,"Estado de São Paulo"]
[]
[{"$nulls":10},"INDICAÇÃO DA TABELA"]
[null,"PLANILHA ORÇAMENTÁRIA"]
[]
[null,"OBRA: ","Pavimentação em vias do Municipio "]
[null,"LOCAL: ","Rua Doutor Benigno Ribeiro"]
[null,"BASE:","SINAPI 02/2020 - SICRO 11/2016 - CPOS 178_03/2020 - SIURB 07/2019 (NÃO DESONERADO)",{"$nulls":3},"DATA DA ELABORAÇÃO:",null,null,"2020-03-25"]
[]
[null,"ITEM","BASE DE SERVIÇOS","CÓDIGOS SERVIÇOS","DESCRIÇÃO DOS SERVIÇOS","UNID.","QUANT.","PREÇO UNIT.","PREÇO UNIT. C/ BDI","VALO TOTAL"]
[null,"1.0",null,null,"SERVIÇOS PRELIMINARES",{"$nulls":4},{"v":2860.7999999999993,"d":"R$ 2,860.80"}]
[null,"1.1",null,null,"PLACA DE OBRA",{"$nulls":4},{"v":632.13,"d":"R$ 632.13"}]
[null,"1.1.1","SIURB",{"v":101603,"d":"10-16-03"},"PLACA DE OBRA EM CHAPA DE ACO GALVANIZADO","m2",{"v":2.5,"d":"2.50"},203.53,252.85,{"v":632.13,"d":"R$ 632.13"},2]
[]
[null,"1.2",null,null,"DEMOLIÇÃO E ESCAVAÇÃO",{"$nulls":4},{"v":2228.669999999999,"d":"R$ 2,228.67"}]
[null,"1.2.1","CPOS","03.01.250","DEMOLIÇÃO MECANIZADA DE PAVIMENTO OU PISO EM CONCRETO, INCLUSIVE FRAGMENTAÇÃO E ACOMODAÇÃO DO MATERIAL","m²",85.02,19.25,23.91,{"v":2032.83,"d":"R$ 2,032.83"},1]
[null,"1.2.2","SINAPI","72898","CARGA E DESCARGA MECANIZADAS DE ENTULHO EM CAMINHAO BASCULANTE 6 M3","m3",{"v":8.5,"d":"8.50"},3.55,4.41,{"v":37.49,"d":"R$ 37.49"},2]
[null,"1.2.3","SINAPI","79480","ESCAVACAO MECANICA CAMPO ABERTO EM SOLO EXCETO ROCHA ATE 2,00M PROFUNDIDADE","m3",1.02,2.12,2.63,{"v":2.68,"d":"R$ 2.68"},2]
[null,"1.2.4","SINAPI","72894","CARGA, MANOBRAS E DESCARGA DE MISTURAS DE SOLOS E AGREGADOS, COM CAMINHAO BASCULANTE 6 M3, DESCARGA EM DISTRIBUIDOR","m3",1.02,{"v":3.1,"d":"3.10"},3.85,{"v":3.93,"d":"R$ 3.93"},2]
[null,"1.2.5","SINAPI","97914","TRANSPORTE COM CAMINHÃO BASCULANTE DE 6 M3, EM VIA URBANA PAVIMENTADA, DMT ATÉ 30 KM (UNIDADE: M3XKM). AF_01/2018","m3xkm",94.25,{"v":1.3,"d":"1.30"},1.61,{"v":151.74,"d":"R$ 151.74"},2]
[]
[null,"2.0",null,null,"DRENAGEM",{"$nulls":4},{"v":126451.33,"d":"R$ 126,451.33"}]
[null,"2.1",null,null,"ESCAVAÇÃO E PREPARO",{"$nulls":4},{"v":7317.08,"d":"R$ 7,317.08"}]
[null,"2.1.1","SINAPI","90106","ESCAVAÇÃO MECANIZADA DE VALA COM PROFUNDIDADE ATÉ 1,5 M (MÉDIA ENTRE MONTANTE E JUSANTE/UMA COMPOSIÇÃO POR TRECHO) COM RETROESCAVADEIRA (CAPACIDADE DA CAÇAMBA DA RETRO: 0,26 M3 / POTÊNCIA: 88 HP), LARGURA DE 0,8 M A 1,5 M, EM SOLO DE 1A CATEGORIA, LOCAISCOM BAIXO NÍVEL DE INTERFERÊNCIA. AF_01/2015","m3",295.56,6.02,7.48,{"v":2210.79,"d":"R$ 2,210.79"},2]
[null,"2.1.2","SINAPI","94097","PREPARO DE FUNDO DE VALA COM LARGURA MENOR QUE 1,5 M, EM LOCAL COM NÍVEL BAIXO DE INTERFERÊNCIA. AF_06/2016","m2",{"v":246.3,"d":"246.30"},5.82,7.23,{"v":1780.75,"d":"R$ 1,780.75"},2]
[null,"2.1.3","SINAPI","94103","LASTRO DE VALA COM PREPARO DE FUNDO, LARGURA MENOR QUE 1,5 M, COM CAMADA DE BRITA, LANÇAMENTO MANUAL, EM LOCAL COM NÍVEL BAIXO DE INTERFERÊNCIA. AF_06/2016","m3",12.32,217.28,269.93,{"v":3325.54,"d":"R$ 3,325.54"},2]
[null,"2.2",null,null,"TUBULUÇÃO E REATERRO",{"$nulls":4},{"v":43074.57000000001,"d":"R$ 43,074.57"}]
[null,"2.2.1","SINAPI","92210","TUBO DE CONCRETO PARA REDES COLETORAS DE ÁGUAS PLUVIAIS, DIÂMETRO DE 400 MM, JUNTA RÍGIDA, INSTALADO EM LOCAL COM BAIXO NÍVEL DE INTERFERÊNCIAS - FORNECIMENTO E ASSENTAMENTO. AF_12/2015","m",{"v":23,"d":"23.00"},96.16,119.46,{"v":2747.58,"d":"R$ 2,747.58"},2]
[null,"2.2.2","SINAPI","92212","TUBO DE CONCRETO PARA REDES COLETORAS DE ÁGUAS PLUVIAIS, DIÂMETRO DE 600 MM, JUNTA RÍGIDA, INSTALADO EM LOCAL COM BAIXO NÍVEL DE INTERFERÊNCIAS - FORNECIMENTO E ASSENTAMENTO. AF_12/2015","m",{"v":170,"d":"170.00"},155.33,192.97,{"v":32804.9,"d":"R$ 32,804.90"},2]
[null,"2.2.3","SINAPI","93374","REATERRO MECANIZADO DE VALA COM RETROESCAVADEIRA (CAPACIDADE DA CAÇAMBA DA RETRO: 0,26 M³ / POTÊNCIA: 88 HP), LARGURA ATÉ 0,8 M, PROFUNDIDADE ATÉ 1,5 M, COM SOLO (SEM SUBSTITUIÇÃO) DE 1ª CATEGORIA EM LOCAIS COM ALTO NÍVEL DE INTERFERÊNCIA. AF_04/2016","m3",225.63,22.38,{"v":27.8,"d":"27.80"},{"v":6272.51,"d":"R$ 6,272.51"},2]
[null,"2.2.4","SINAPI","74010/1","CARGA E DESCARGA MECANICA DE SOLO UTILIZANDO CAMINHAO BASCULANTE 6,0M3/16T E PA CARREGADEIRA SOBRE PNEUS 128 HP, CAPACIDADE DA CAÇAMBA 1,7 A 2,8 M3, PESO OPERACIONAL 11632 KG","m3",69.93,1.55,1.93,{"v":134.96,"d":"R$ 134.96"},2]
[null,"2.2.5","SINAPI","97914","TRANSPORTE COM CAMINHÃO BASCULANTE DE 6 M3, EM VIA URBANA PAVIMENTADA, DMT ATÉ 30 KM (UNIDADE: M3XKM). AF_01/2018","m3xkm",692.31,{"v":1.3,"d":"1.30"},1.61,{"v":1114.62,"d":"R$ 1,114.62"},2]
[null,"2.3",null,null,"INFRAESTRUTURA",{"$nulls":4},{"v":76059.68,"d":"R$ 76,059.68"}]
[null,"2.3.1","SINAPI","83659","BOCA DE LOBO EM ALVENARIA TIJOLO MACICO, REVESTIDA C/ ARGAMASSA DE CIMENTO E AREIA 1:3, SOBRE LASTRO DE CONCRETO 10CM E TAMPA DE CONCRETO ARMADO","un",{"v":7,"d":"7.00"},835.72,{"v":1038.21,"d":"1,038.21"},{"v":7267.47,"d":"R$ 7,267.47"},2]
[null,"2.3.2","CPOS","49.12.058","BOCA DE LEÃO SIMPLES TIPO PMSP COM GRELHA","un",{"v":1,"d":"1.00"},{"v":2079.05,"d":"2,079.05"},{"v":2582.8,"d":"2,582.80"},{"v":2582.8,"d":"R$ 2,582.80"},1]
[null,"2.3.3","SINAPI","98008","BASE PARA POÇO DE VISITA RETANGULAR PARA ESGOTO, EM ALVENARIA COM BLOCOS DE CONCRETO, DIMENSÕES INTERNAS = 1,5X1,5 M, PROFUNDIDADE = 1,45 M, EXCLUINDO TAMPÃO . AF_05/2018","un",{"v":5,"d":"5.00"},{"v":3238.65,"d":"3,238.65"},{"v":4023.37,"d":"4,023.37"},{"v":20116.85,"d":"R$ 20,116.85"},2]
[null,"2.3.4","CPOS","49.06.460","TAMPÃO EM FERRO FUNDIDO DE 600 X 600 MM, CLASSE B 125 (RUPTURA > 125 KN)","un",{"v":5,"d":"5.00"},307.12,381.54,{"v":1907.7,"d":"R$ 1,907.70"},2]
[null,"2.3.5","SINAPI","94274","ASSENTAMENTO DE GUIA (MEIO-FIO) EM TRECHO CURVO, CONFECCIONADA EM CONCRETO PRÉ-FABRICADO, DIMENSÕES 100X15X13X30 CM (COMPRIMENTO X BASE INFERIOR X BASE SUPERIOR X ALTURA), PARA VIAS URBANAS (USO VIÁRIO). AF_06/2016","m",401.17,47.68,59.23,{"v":23761.3,"d":"R$ 23,761.30"},2]
[null,"2.3.6","SINAPI","94288","EXECUÇÃO DE SARJETA DE CONCRETO USINADO, MOLDADA  IN LOCO  EM TRECHO CURVO, 30 CM BASE X 10 CM ALTURA. AF_06/2016","m",401.17,40.98,50.91,{"v":20423.56,"d":"R$ 20,423.56"},2]
[]
[null,"3.0",null,null,"PAVIMENTAÇÃO ASFALTICA",{"$nulls":4},{"v":76571.37000000001,"d":"R$ 76,571.37"}]
[null,"3.1",null,null,"PREPARAÇÃO",{"$nulls":4},{"v":24537.93,"d":"R$ 24,537.93"}]
[null,"3.1.1","SIURB",{"v":43100,"d":"04-31-00"},"FORNECIMENTO DE TERRA, INCLUINDO ESCAVAÇÃO, CARGA E TRANSPORTE ATÉ A DISTÂNCIA MÉDIA DE 1,0KM, MEDIDO NO ATERRO COMPACTADO","m3",71.45,18.56,23.06,{"v":1647.64,"d":"R$ 1,647.64"},4]
[null,"3.1.2","SINAPI","97914","TRANSPORTE COM CAMINHÃO BASCULANTE DE 6 M3, EM VIA URBANA PAVIMENTADA, DMT ATÉ 30 KM (UNIDADE: M3XKM). AF_01/2018","m3xkm",{"v":1071.75,"d":"1,071.75"},{"v":1.3,"d":"1.30"},1.61,{"v":1725.52,"d":"R$ 1,725.52"},2]
[null,"3.1.3","CPOS","54.01.010","REGULARIZAÇÃO E COMPACTAÇÃO MECANIZADA DE SUPERFÍCIE, SEM CONTROLE DO PROCTOR NORMAL","m2",{"v":912.6,"d":"912.60"},2.03,2.52,{"v":2299.75,"d":"R$ 2,299.75"},2]
[null,"3.1.4","SINAPI","96396","EXECUÇÃO E COMPACTAÇÃO DE BASE E OU SUB BASE COM BRITA GRADUADA SIMPLES - EXCLUSIVE CARGA E TRANSPORTE. AF_09/2017","m3",155.14,97.88,{"v":121.6,"d":"121.60"},{"v":18865.02,"d":"R$ 18,865.02"},2]
[null,"3.2",null,null,"IMPERMEABILIZAÇÃO",{"$nulls":4},{"v":6202.13,"d":"R$ 6,202.13"}]
[null,"3.2.1","SINAPI","96401","EXECUÇÃO DE IMPRIMAÇÃO COM ASFALTO DILUÍDO CM-30. AF_09/2017","m2",727.95,6.86,8.52,{"v":6202.13,"d":"R$ 6,202.13"},2]
[null,"3.3",null,null,"APLICAÇÃO",{"$nulls":4},{"v":45831.310000000005,"d":"R$ 45,831.31"}]
[null,"3.3.1","SINAPI","96402","EXECUÇÃO DE IMPRIMAÇÃO LIGANTE (PINTURA DE LIGAÇÃO) COM EMULSÃO ASFÁLTICA RR-2C. AF_09/2017","m2",727.95,{"v":1.9,"d":"1.90"},2.36,{"v":1717.96,"d":"R$ 1,717.96"},2]
[null,"3.3.2","SINAPI","95995","CONSTRUÇÃO DE PAVIMENTO COM APLICAÇÃO DE CONCRETO BETUMINOSO USINADO A QUENTE (CBUQ), CAMADA DE ROLAMENTO, COM ESPESSURA DE 5,0 CM - EXCLUSIVE TRANSPORTE. AF_03/2017","m3",{"v":36.4,"d":"36.40"},920.65,{"v":1143.72,"d":"1,143.72"},{"v":41631.41,"d":"R$ 41,631.41"},2]
[null,"3.3.3","SINAPI","72891","CARGA, MANOBRAS E DESCARGA DE MISTURA BETUMINOSA A QUENTE, COM CAMINHAO BASCULANTE 6 M3, DESCARGA EM VIBRO-ACABADORA","m3",{"v":36.4,"d":"36.40"},{"v":4.5,"d":"4.50"},5.59,{"v":203.48,"d":"R$ 203.48"},2]
[null,"3.3.4","SINAPI","95303","TRANSPORTE COM CAMINHÃO BASCULANTE 10 M3 DE MASSA ASFALTICA PARA PAVIMENTAÇÃO URBANA","m3xkm",{"v":1947.4,"d":"1,947.40"},0.94,1.17,{"v":2278.46,"d":"R$ 2,278.46"},2]
[]
[null,"4.0",null,null,"CALÇADA EM INTERTRAVADO",{"$nulls":4},{"v":26801.57,"d":"R$ 26,801.57"}]
[null,"4.1",null,null,"BASE E CALÇAMENTO",{"$nulls":4},{"v":26801.57,"d":"R$ 26,801.57"}]
[null,"4.1.1","SINAPI","96396","EXECUÇÃO E COMPACTAÇÃO DE BASE E OU SUB BASE COM BRITA GRADUADA SIMPLES - EXCLUSIVE CARGA E TRANSPORTE. AF_09/2017","m3",{"v":25.9,"d":"25.90"},97.88,{"v":121.6,"d":"121.60"},{"v":3149.44,"d":"R$ 3,149.44"},2]
[null,"4.1.2","SINAPI","93679","EXECUÇÃO DE PASSEIO EM PISO INTERTRAVADO, COM BLOCO RETANGULAR COLORIDO DE 20 X 10 CM, ESPESSURA 6 CM. AF_12/2015","m2",{"v":219.48000000000002,"d":"219.48"},66.05,82.05,{"v":18008.33,"d":"R$ 18,008.33"},2]
[null,"4.1.3","CPOS","30.04.100","PISO TÁTIL DE CONCRETO, ALERTA / DIRECIONAL, INTERTRAVADO, ESPESSURA DE 6 CM, COM REJUNTE EM AREIA","m²",{"v":39.55999999999999,"d":"39.56"},76.64,95.21,{"v":3766.51,"d":"R$ 3,766.51"},1]
[null,"4.1.4","SIURB",{"v":51600,"d":"05-16-00"},"FORNECIMENTO E ASSENTAMENTO DE GUIAS PARA JARDIM 7 X 11 X 100CM (IE-3)","m",73.88,20.45,25.41,{"v":1877.29,"d":"R$ 1,877.29"},4]
[]
[null,"5.0",null,null,"SINALIZAÇÃO HORIZONTAL E LOGRADOURO",{"$nulls":4},{"v":1758.6399999999999,"d":"R$ 1,758.64"}]
[null,"5.1",null,null,"HORIZONTAL",{"$nulls":4},{"v":846.06,"d":"R$ 846.06"}]
[null,"5.1.1","SINAPI","72947","SINALIZACAO HORIZONTAL COM TINTA RETRORREFLETIVA A BASE DE RESINA ACRILICA COM MICROESFERAS DE VIDRO","m2",44.86,15.18,18.86,{"v":846.06,"d":"R$ 846.06"},2]
[null,"5.2",null,null,"LOGRADOURO",{"$nulls":4},{"v":332.22,"d":"R$ 332.22"}]
[null,"5.2.1","CPOS","97.05.100","SINALIZAÇÃO VERTICAL EM PLACA DE AÇO GALVANIZADA COM PINTURA EM ESMALTE SINTÉTICO","m2",0.11,697.89,866.99,{"v":95.37,"d":"R$ 95.37"},2]
[null,"5.2.2","SINAPI","98228","ESTACA BROCA DE CONCRETO, DIÃMETRO DE 20 CM, PROFUNDIDADE DE ATÉ 3 M, ESCAVAÇÃO MANUAL COM TRADO CONCHA, NÃO ARMADA. AF_03/2018","m",{"v":0.5,"d":"0.50"},52.45,65.16,{"v":32.58,"d":"R$ 32.58"},2]
[null,"5.2.3","SINAPI",21014,"TUBO ACO GALVANIZADO COM COSTURA, CLASSE LEVE, DN 65 MM ( 2 1/2\"),  E = 3,35 MM, * 6,23* KG/M (NBR 5580)","m     ",{"v":3,"d":"3.00"},54.81,68.09,{"v":204.27,"d":"R$ 204.27"},2]
[null,"5.3",null,null,"VERTICAL",{"$nulls":4},{"v":580.36,"d":"R$ 580.36"}]
[null,"5.3.1","SINAPI","98228","ESTACA BROCA DE CONCRETO, DIÃMETRO DE 20 CM, PROFUNDIDADE DE ATÉ 3 M, ESCAVAÇÃO MANUAL COM TRADO CONCHA, NÃO ARMADA. AF_03/2018","m",{"v":1,"d":"1.00"},52.45,65.16,{"v":65.16,"d":"R$ 65.16"},2]
[null,"5.3.2","SINAPI",21014,"TUBO ACO GALVANIZADO COM COSTURA, CLASSE LEVE, DN 65 MM ( 2 1/2\"),  E = 3,35 MM, * 6,23* KG/M (NBR 5580)","m     ",{"v":6,"d":"6.00"},54.81,68.09,{"v":408.54,"d":"R$ 408.54"},2]
[null,"5.3.3","SINAPI","4 S 06 200 02","FORNECIMENTO E IMPLANTAÇÃO DE PLACA SINALIZAÇÃO REFLETIVA (R$/M²)","m2",0.26,330.23,410.24,{"v":106.66,"d":"R$ 106.66"},2]
[]
[null,"TOTAL GERAL COM BDI",null,null,{"v":0.2423,"d":"24.23%"},{"$nulls":3},{"v":234443.71000000002,"d":"R$ 234,443.71"}]
[]
[]
[]
[]
[]
[null,"MARCOS ROGÉRIO CIMADON"]
[null,"ENGENHEIRO CIVIL",{"$nulls":10},{"v":234443.71000000002,"d":"R$234,443.71"}]
[null,"CREA Nº 5061376180"]
[null,"ART Nº 280272230190289134"]
{"$rows_empty":8}
[{"$nulls":10},{"v":234443.71000000002,"d":"R$234,443.71"}]

{"sheet":"CFF","index":1,"n_rows":29,"n_cols":9,"rows_kept":29,"merged":[[0,0,0,8],[1,0,1,8],[2,0,2,8],[3,0,3,8],[4,1,4,8],[5,0,5,8],[6,0,6,8],[8,0,9,0],[8,1,9,1],[8,8,9,8],[10,0,11,0],[10,1,11,1],[12,0,13,0],[12,1,13,1],[14,0,15,0],[14,1,15,1],[16,0,17,0],[16,1,17,1],[18,0,19,0],[18,1,19,1],[20,0,20,1],[22,0,22,2],[24,0,24,2],[25,0,25,2],[26,0,26,2],[27,0,27,2],[28,0,28,2],[32,1,32,2],[33,1,33,2],[35,1,35,2],[36,1,36,2]],"flags":["formulas_cached_only"]}
[" PREFEITURA MUNICIPAL DE CAMPOS DO JORDÃO"]
["Estado de São Paulo"]
[]
["CRONOGRAMA FÍSICO FINANCEIRO"]
[]
["OBRA: Pavimentação em vias do Municipio "]
["LOCAL: Rua Doutor Benigno Ribeiro"]
[{"$nulls":8},{"v":306530,"d":"306,530.00"}]
["ITEM","SERVIÇOS","MÊS 1","MÊS 2","MÊS 3","MÊS 4","MÊS 5","MÊS 6","TOTAL"]
[null,null,30,60,90,120,150,180]
["1.0","SERVIÇOS PRELIMINARES",{"v":1,"d":"100.00%"},{"$nulls":5},{"v":1,"d":"100.00%"}]
[null,null,{"v":2860.7999999999993,"d":"2,860.80"},"","","","","",{"v":2860.7999999999993,"d":"2,860.80"}]
["2.0","DRENAGEM",{"v":0.4023,"d":"40.23%"},{"v":0.2592,"d":"25.92%"},{"v":0.3385,"d":"33.85%"},{"$nulls":3},{"v":1,"d":"100.00%"}]
[null,null,{"v":50871.370059,"d":"50,871.37"},{"v":32776.184735999996,"d":"32,776.18"},{"v":42803.775205000005,"d":"42,803.78"},null,"","",{"v":126451.33,"d":"126,451.33"}]
["3.0","PAVIMENTAÇÃO ASFALTICA",{"$nulls":3},{"v":0.3993,"d":"39.93%"},{"v":0.6007,"d":"60.07%"},null,{"v":1,"d":"100.00%"}]
[{"$nulls":5},{"v":30574.948041000003,"d":"30,574.95"},{"v":45996.42195900001,"d":"45,996.42"},"",{"v":76571.37000000001,"d":"76,571.37"}]
["4.0","CALÇADA EM INTERTRAVADO",{"$nulls":5},{"v":1,"d":"100.00%"},{"v":1,"d":"100.00%"}]
[null,null,"","","","",null,{"v":26801.57,"d":"26,801.57"},{"v":26801.57,"d":"26,801.57"}]
["5.0","SINALIZAÇÃO HORIZONTAL E LOGRADOURO",{"$nulls":5},{"v":1,"d":"100.00%"},{"v":1,"d":"100.00%"}]
[null,null,"","","","","",{"v":1758.6399999999999,"d":"1,758.64"},{"v":1758.6399999999999,"d":"1,758.64"}]
["T O T A L ",null,{"v":53732.170059,"d":"53,732.17"},{"v":32776.184735999996,"d":"32,776.18"},{"v":42803.775205000005,"d":"42,803.78"},{"v":30574.948041000003,"d":"30,574.95"},{"v":45996.42195900001,"d":"45,996.42"},{"v":28560.21,"d":"28,560.21"},{"v":234443.71000000002,"d":"234,443.71"}]
[]
["Campos do Jordão, 25 de março de 2020."]
[]
[]
["MARCOS ROGÉRIO CIMADON"]
["ENGENHEIRO CIVIL"]
["CREA Nº 5061376180"]
["ART Nº 280272230190289134"]